Normal view
MARC view
- Bano Qudsia
Entry Personal Name
001 - CONTROL NUMBER
- control field: 88968
003 - CONTROL NUMBER IDENTIFIER
- control field: NUST
005 - DATE AND TIME OF LATEST TRANSACTION
- control field: 20220210163005.0
008 - FIXED-LENGTH DATA ELEMENTS
- fixed length control field: 220210|| aca||aabn | a|a d
040 ## - CATALOGING SOURCE
- Original cataloging agency: NUST
- Transcribing agency: NUST
100 ## - HEADING--PERSONAL NAME
- Personal name: Bano Qudsia
670 ## - SOURCE DATA FOUND
- Source citation: Work cat.: (NUST)33100: Bano Qudsia, Mard E Abresham /, 2011.
